000 01058cam a22003255a 4500
001 012878775
003 EG-ScBUE
005 20220509101043.0
008 040510s2004 enk f 001 0 eng d
020 _a9780140515039 (pbk.)
020 _a0140515038 (pbk.)
040 _aStDuBDS
_beng
_erda
_cStDuBDS
_dUk
_dEG-ScBUE
082 0 4 _a423.1
_222
_bROG
245 0 0 _aRoget's thesaurus of English words and phrases.
250 _aNew edition.
264 1 _aLondon :
_bPenguin Books,
_c2004.
300 _axvi, 824 pages ;
_c20 cm.
336 _2rdacontent
_atext
_btxt
337 _2rdamedia
_aunmediated
_bn
338 _2rdacarrier
_avolume
_bnc
490 0 _aPenguin reference
500 _aIncludes index.
600 1 7 _aRoget, Peter Mark,
_d1779-1869.
_tThesaurus of English words and phrases.
_2BUEsh
650 7 _aEnglish language
_xSynonyms and antonyms.
_2BUEsh
_919528
650 7 _aEnglish language
_vTerms and phrases.
_2BUEsh
_913794
651 _2BUEsh
653 _cFebruary2016
_bHHUUEENN
655 _vReading book
_934232
942 _2ddc
_cBB
999 _c21227
_d21199